[Event "PRO League Group Stage"]
[Site "chess.com INT"]
[Date "2018.03.07"]
[Round "9"]
[White "Lenderman, Aleksandr"]
[Black "Nagle, Sean"]
[Result "1-0"]
[WhiteTitle "GM"]
[BlackTitle "IM"]
[WhiteElo "2611"]
[BlackElo "2432"]
[WhiteTeam "Montclair Sopranos"]
[BlackTeam "Minnesota Blizzard"]
[WhiteFideId "2021285"]
[BlackFideId "2013878"]
[EventDate "2018.01.18"]

1. d4 g6 2. c4 Bg7 3. Nf3 d6 4. Nc3 Nf6 5. e4 Bg4 6. Be2 Nfd7 7. Be3 a6 8. Qd2
c5 9. d5 Bxf3 10. gxf3 b5 11. cxb5 O-O 12. bxa6 Nxa6 13. h4 Qa5 14. Rc1 Rfb8 15.
h5 Nc7 16. hxg6 hxg6 17. Kf1 Nb5 18. Nxb5 Rxb5 19. Bxb5 Qxb5+ 20. Kg2 Rxa2 21.
Rc2 Nb6 22. b3 Ra3 23. Ra2 Qxb3 24. Rxa3 Qxa3 25. Qe2 Qb3 26. Qa6 f5 27. exf5
gxf5 28. Qb7 f4 29. Bxf4 Qc4 30. Bxd6 Nxd5 31. Qc8+ Kf7 32. Qf5+ Ke8 33. Bg3 Bf6
34. Qg6+ Kd7 35. Rd1 Kc6 36. Qe8+ Kb6 37. Qd8+ Kc6 38. Qa8+ 1-0

[Event "PRO League Group Stage"]
[Site "chess.com INT"]
[Date "2018.03.07"]
[Round "9"]
[White "Lenderman, Aleksandr"]
[Black "Flores Rios, Mauricio"]
[Result "1/2-1/2"]
[WhiteTitle "GM"]
[BlackTitle "GM"]
[WhiteElo "2611"]
[BlackElo "2529"]
[WhiteTeam "Montclair Sopranos"]
[BlackTeam "Minnesota Blizzard"]
[WhiteFideId "2021285"]
[BlackFideId "3408027"]
[EventDate "2018.01.18"]

1. Nf3 Nf6 2. c4 g6 3. Nc3 d5 4. cxd5 Nxd5 5. e4 Nxc3 6. dxc3 Qxd1+ 7. Kxd1 b6
8. Bf4 c5 9. Nd2 Bb7 10. Kc2 Nc6 11. a4 Bg7 12. f3 O-O 13. Nc4 Ba6 14. Na3 Bxf1
15. Rhxf1 f5 16. Nc4 fxe4 17. fxe4 Rf7 18. Bg3 Raf8 19. Rxf7 Kxf7 20. Rd1 Ke6
21. Rd5 h5 22. Rg5 Kf7 23. a5 e5 24. Bxe5 Nxe5 25. Nxe5+ Bxe5 26. Rxe5 Kf6 27.
Rd5 Ke6 28. axb6 axb6 29. Rd3 Ke5 30. Rf3 Rd8 31. Re3 c4 32. Re2 b5 33. b3 g5
34. bxc4 bxc4 35. Re1 1/2-1/2

[Event "PRO League Group Stage"]
[Site "chess.com INT"]
[Date "2018.03.07"]
[Round "9"]
[White "Ostrovskiy, Andrey"]
[Black "Stremavicius, Titas"]
[Result "1-0"]
[WhiteTitle "IM"]
[BlackTitle "IM"]
[WhiteElo "2448"]
[BlackElo "2432"]
[WhiteTeam "Las Vegas Desert Rats"]
[BlackTeam "Dallas Destiny"]
[WhiteFideId "14110326"]
[BlackFideId "12804444"]
[EventDate "2018.01.18"]

1. e4 c5 2. Nf3 d6 3. d4 cxd4 4. Nxd4 Nf6 5. Nc3 Nc6 6. Bc4 Na5 7. Be2 e6 8. O-O
Be7 9. f4 O-O 10. Kh1 Bd7 11. e5 Ne8 12. Bd3 g6 13. Qe1 Nc6 14. Nf3 Nb4 15. Ne4
Nxd3 16. cxd3 Bc6 17. Bd2 dxe5 18. Nxe5 Bd5 19. Bc3 f6 20. Ng4 h5 21. Ne3 Bc6
22. Rd1 Ng7 23. Bb4 Kh7 24. Bxe7 Qxe7 25. Nc3 Rad8 26. d4 Qb4 27. d5 exd5 28.
Nexd5 Bxd5 29. Nxd5 Qxb2 30. Rf2 Qa3 31. Nxf6+ Kh8 32. Nd7 Qa4 33. Rfd2 Rxf4 34.
Nc5 Re8 35. Nxa4 Rxe1+ 36. Rxe1 Rxa4 37. Re7 Rc4 38. g3 Rc8 39. Rxb7 a5 40. Ra7
Nf5 41. Kg2 Re8 42. Kf3 Nh6 43. Rdd7 Rf8+ 44. Ke4 Nf5 45. Rxa5 Re8+ 46. Kf4 Ng7
47. Raa7 Ne6+ 48. Kf3 Rf8+ 49. Ke3 Re8 50. Re7 1-0

[Event "PRO League Group Stage"]
[Site "chess.com INT"]
[Date "2018.03.07"]
[Round "9"]
[White "Ostrovskiy, Andrey"]
[Black "Sadorra, Julio Catalino"]
[Result "0-1"]
[WhiteTitle "IM"]
[BlackTitle "GM"]
[WhiteElo "2448"]
[BlackElo "2539"]
[WhiteTeam "Las Vegas Desert Rats"]
[BlackTeam "Dallas Destiny"]
[WhiteFideId "14110326"]
[BlackFideId "5201268"]
[EventDate "2018.01.18"]

1. e4 e6 2. d4 d5 3. Nc3 Nf6 4. e5 Nfd7 5. f4 c5 6. Nf3 a6 7. Be3 Qb6 8. Na4
Qa5+ 9. c3 cxd4 10. b4 Qc7 11. Bxd4 Nc6 12. a3 Be7 13. Rc1 O-O 14. Bd3 f6 15.
O-O fxe5 16. fxe5 b5 17. Nc5 Nxc5 18. bxc5 Bd7 19. Qc2 h6 20. Qe2 Be8 21. Bb1
Na5 22. Qd3 g6 23. Be3 Bxc5 24. Nd4 Rxf1+ 25. Rxf1 Qxe5 26. Bxh6 Qh5 27. Qe3 e5
28. Ba2 Nc4 29. Bxc4 bxc4 30. Bg5 Bd6 31. h3 Bd7 32. Nf3 Rc8 33. Kh1 Rf8 34. h4
e4 35. Qd4 Be6 36. Nh2 Rxf1+ 37. Nxf1 Qg4 38. Qf6 Qf5 39. Qd8+ Qf8 40. Qxf8+
Bxf8 41. a4 Bg7 42. Bd2 d4 43. cxd4 Bxd4 44. Ne3 c3 45. Bc1 a5 46. Kh2 Bb3 47.
Kg3 Be5+ 48. Kg4 Bxa4 49. Nc4 Bc7 50. Be3 Bb3 51. Na3 c2 52. Kg5 Bb6 53. Bc1 e3 0-1

[Event "PRO League Group Stage"]
[Site "chess.com INT"]
[Date "2018.03.07"]
[Round "9"]
[White "Kantane, Anna"]
[Black "Mihajlov, Sebastian"]
[Result "0-1"]
[WhiteTitle "WIM"]
[BlackTitle "IM"]
[WhiteElo "2243"]
[BlackElo "2371"]
[WhiteTeam "Riga Magicians"]
[BlackTeam "Oslo Trolls"]
[WhiteFideId "1135988"]
[BlackFideId "1512110"]
[EventDate "2018.01.18"]

1. e4 e6 2. d4 d5 3. Nd2 f5 4. exf5 exf5 5. Ndf3 Nf6 6. Ne5 Bd6 7. Ngf3 O-O 8.
Bd3 Ne4 9. c4 c6 10. Qb3 Qa5+ 11. Kf1 Na6 12. h4 Rb8 13. h5 Be6 14. c5 Be7 15.
Bf4 Nb4 16. Be2 b6 17. Qa3 Rfc8 18. Ne1 Qxa3 19. bxa3 bxc5 20. axb4 Rxb4 21.
dxc5 Nxf2 22. Bd2 Nxh1 23. Bxb4 Ng3+ 24. Kf2 Ne4+ 25. Ke3 a5 26. Ba3 d4+ 27.
Kxd4 Bg5 28. Nxc6 Rxc6 29. Bb5 Rc8 30. Rb1 Bf4 31. c6 Rd8+ 32. Bd6 Rxd6# 0-1

[Event "PRO League Group Stage"]
[Site "chess.com INT"]
[Date "2018.03.07"]
[Round "9"]
[White "Kantane, Anna"]
[Black "Kobo, Ori"]
[Result "0-1"]
[WhiteTitle "WIM"]
[BlackTitle "GM"]
[WhiteElo "2243"]
[BlackElo "2477"]
[WhiteTeam "Riga Magicians"]
[BlackTeam "Oslo Trolls"]
[WhiteFideId "1135988"]
[BlackFideId "2812320"]
[EventDate "2018.01.18"]

1. e4 g6 2. d4 Bg7 3. Nc3 d6 4. f4 Nf6 5. Nf3 O-O 6. e5 dxe5 7. fxe5 Nd5 8. Nxd5
Qxd5 9. c4 Qe4+ 10. Qe2 Bf5 11. Qxe4 Bxe4 12. Be3 Nc6 13. Nd2 Bf5 14. a3 Rad8
15. Nf3 e6 16. Be2 f6 17. exf6 Bxf6 18. Rd1 Bc2 19. Rd2 Be4 20. O-O Bxf3 21.
Bxf3 Bxd4 22. Re2 Bxe3+ 23. Rxe3 Nd4 24. Bxb7 Rxf1+ 25. Kxf1 Rb8 26. Ba6 Rxb2
27. Re4 c5 28. a4 Kf7 29. Re5 Rb6 30. Bc8 Rc6 31. Bd7 Rc7 32. Bb5 Kf6 33. Re4 e5
34. g4 Ke6 35. Kf2 Rf7+ 36. Kg3 Kd6 37. h4 Rf3+ 38. Kg2 Rc3 39. h5 g5 40. Re1
Rc2+ 41. Kg3 Rc3+ 42. Kg2 Rc2+ 43. Kg3 Ne2+ 44. Kf3 Nc3 45. Be8 e4+ 46. Kg3 Ne2+
47. Kf2 Nf4+ 48. Kg1 Ke5 49. Bc6 Rxc4 0-1

[Event "PRO League Group Stage"]
[Site "chess.com INT"]
[Date "2018.03.07"]
[Round "9"]
[White "Smirnov, Anton"]
[Black "Macieja, Bartlomiej"]
[Result "1-0"]
[WhiteTitle "GM"]
[BlackTitle "GM"]
[WhiteElo "2527"]
[BlackElo "2550"]
[WhiteTeam "Australia Kangaroos"]
[BlackTeam "Rio Grande Ospreys"]
[WhiteFideId "3208923"]
[BlackFideId "1104306"]
[EventDate "2018.01.18"]

1. d4 Nf6 2. c4 e6 3. Nc3 Bb4 4. f3 d5 5. a3 Bxc3+ 6. bxc3 c6 7. e3 O-O 8. Bd3
b6 9. cxd5 cxd5 10. Ne2 Ba6 11. e4 Bxd3 12. Qxd3 dxe4 13. fxe4 Nbd7 14. Qf3 Qc7
15. O-O Rac8 16. Bg5 Qc6 17. Rae1 Qxe4 18. Qf2 h6 19. Bf4 Rc6 20. Bd2 Rfc8 21.
h3 Qc2 22. Rd1 Kh7 23. Ng3 Nf8 24. Rde1 Ng6 25. Re2 Qb3 26. Ra1 b5 27. Qf1 Qc4
28. Qf3 Nd5 29. Rc1 f5 30. Ree1 a6 31. Kh1 Qa2 32. Re2 Qb3 33. Kh2 a5 34. Ree1
Nxc3 35. Ne2 b4 36. axb4 axb4 37. Bxc3 bxc3 38. Red1 Ne7 39. d5 Nxd5 40. Nd4 Qb2
41. Nxc6 Rxc6 42. Re1 Nf6 43. Qxc6 Nd5 44. Qxe6 1-0

[Event "PRO League Group Stage"]
[Site "chess.com INT"]
[Date "2018.03.07"]
[Round "9"]
[White "Smirnov, Anton"]
[Black "Ruiz Castillo, Joshua Daniel"]
[Result "1-0"]
[WhiteTitle "GM"]
[BlackTitle "IM"]
[WhiteElo "2527"]
[BlackElo "2368"]
[WhiteTeam "Australia Kangaroos"]
[BlackTeam "Rio Grande Ospreys"]
[WhiteFideId "3208923"]
[BlackFideId "4400704"]
[EventDate "2018.01.18"]

1. d4 Nf6 2. c4 e6 3. Nc3 Bb4 4. f3 O-O 5. a3 Bxc3+ 6. bxc3 Ne8 7. e4 b6 8. Bd3
Ba6 9. Nh3 Nc6 10. a4 Na5 11. Ba3 d6 12. Qe2 c5 13. d5 e5 14. O-O Bc8 15. Nf2
Bd7 16. Qc2 Nf6 17. Bc1 Nh5 18. g3 Qf6 19. Ra2 Qg6 20. Kh1 Rae8 21. Rg1 Qf6 22.
Qd1 g6 23. Ng4 Qd8 24. f4 Bxg4 25. Qxg4 f5 26. exf5 Nf6 27. Qh3 Qc8 28. g4 e4
29. Bf1 gxf5 30. gxf5+ Kh8 31. Rag2 Rg8 32. Rg5 Qd7 33. Qh6 Qf7 34. Be3 Ref8 35.
Be2 Nb7 36. Bf2 Rxg5 37. fxg5 Ng8 38. Qh4 Ne7 39. f6 Ng6 40. Qg3 Qd7 41. Be3
Qxa4 42. h4 Qc2 43. Rg2 Qxc3 44. h5 Ne5 45. g6 Rxf6 46. gxh7 1-0

[Event "PRO League Group Stage"]
[Site "chess.com INT"]
[Date "2018.03.07"]
[Round "9"]
[White "Sharafiev, Azat"]
[Black "Hemant, Sharma2"]
[Result "1-0"]
[WhiteTitle "IM"]
[BlackTitle "IM"]
[WhiteElo "2432"]
[BlackElo "2348"]
[WhiteTeam "Volga Stormbringers"]
[BlackTeam "Delhi Dynamite"]
[WhiteFideId "4186214"]
[BlackFideId "5025842"]
[EventDate "2018.01.18"]

1. c4 e6 2. Nf3 Nf6 3. d4 d5 4. g3 Be7 5. Bg2 O-O 6. O-O dxc4 7. Qc2 a6 8. a4
Nc6 9. Qxc4 Nb4 10. a5 b5 11. Qb3 Bb7 12. Bd2 Bd5 13. Qd1 c5 14. Bxb4 cxb4 15.
Nbd2 Rc8 16. Re1 Qc7 17. Ne5 Qc2 18. Bxd5 exd5 19. Nd3 Ne4 20. Nb3 Qxd1 21.
Raxd1 Rc4 22. f3 Ng5 23. Kf2 Ne6 24. e3 f6 25. Rc1 Kf7 26. Nd2 Rfc8 27. Ke2 Rc2
28. Rxc2 Rxc2 29. Rc1 Rxc1 30. Nxc1 Nd8 31. Nd3 Nb7 32. Nb3 Bd8 33. Nxb4 Nxa5
34. Nxa5 Bxa5 35. Nxa6 Ke6 36. Nc5+ Ke7 37. g4 Bb6 38. Nd3 g6 39. Nf4 Kd6 40.
Kd3 f5 41. h3 Bd8 42. Ne2 Bh4 43. Nc3 Kc6 44. e4 fxe4+ 45. fxe4 dxe4+ 46. Kxe4
b4 47. Nd5 b3 48. Nc3 h5 49. Kd3 hxg4 50. hxg4 Be1 51. Kc4 Bxc3 52. Kxc3 Kd5 53.
Kxb3 Kxd4 54. Ka4 Kc5 55. Ka5 Kc6 56. g5 1-0

[Event "PRO League Group Stage"]
[Site "chess.com INT"]
[Date "2018.03.07"]
[Round "9"]
[White "Sharafiev, Azat"]
[Black "Narayanan, Srinath"]
[Result "1-0"]
[WhiteTitle "IM"]
[BlackTitle "GM"]
[WhiteElo "2432"]
[BlackElo "2527"]
[WhiteTeam "Volga Stormbringers"]
[BlackTeam "Delhi Dynamite"]
[WhiteFideId "4186214"]
[BlackFideId "5018420"]
[EventDate "2018.01.18"]

1. Nf3 d5 2. g3 g6 3. Bg2 Bg7 4. d4 Nf6 5. O-O O-O 6. c3 Nbd7 7. Nbd2 c5 8. Re1
b6 9. e4 Nxe4 10. Nxe4 dxe4 11. Rxe4 Bb7 12. Re1 cxd4 13. Nxd4 Bxg2 14. Kxg2 Rc8
15. Bg5 Re8 16. Nb5 f6 17. Bf4 Rc5 18. a4 a6 19. b4 Qa8+ 20. Kg1 Rd5 21. Qf3
axb5 22. axb5 Ne5 23. Bxe5 Qd8 24. Bc7 Qd7 25. c4 Rd4 26. Qc6 Qxc6 27. bxc6 Rxc4
28. b5 f5 29. Ra6 Rb4 30. Rxb6 Bd4 31. Rb8 Rxb8 32. Bxb8 Kf7 33. Rc1 Bb6 34. Ba7 1-0

[Event "PRO League Group Stage"]
[Site "chess.com INT"]
[Date "2018.03.07"]
[Round "9"]
[White "Sargissian, Gabriel"]
[Black "Yu, Yangyi"]
[Result "1-0"]
[WhiteTitle "GM"]
[BlackTitle "GM"]
[WhiteElo "2677"]
[BlackElo "2760"]
[WhiteTeam "Seattle Sluggers"]
[BlackTeam "Chengdu Pandas"]
[WhiteFideId "13300881"]
[BlackFideId "8603820"]
[EventDate "2018.01.18"]

1. d4 Nf6 2. Nf3 g6 3. g3 Bg7 4. Bg2 O-O 5. O-O d6 6. b3 c6 7. Bb2 Nbd7 8. Re1
Qc7 9. e4 e5 10. Nbd2 b5 11. c4 a6 12. Qc2 Bb7 13. c5 dxc5 14. dxe5 Ng4 15. e6
Bxb2 16. Qxb2 fxe6 17. e5 Rf5 18. Bh3 h5 19. Nh4 c4 20. Nxf5 gxf5 21. bxc4 c5
22. Bg2 Bxg2 23. Kxg2 Ndxe5 24. f3 Nd3 25. Qc3 Nxe1+ 26. Rxe1 b4 27. Qb2 Qc6 28.
h3 Rd8 29. hxg4 hxg4 30. Re3 Kf7 31. Kf2 Rd4 32. Nb3 Rd8 33. Qe5 gxf3 34. Rxf3
a5 35. g4 Qd6 36. Qxd6 Rxd6 37. gxf5 exf5 38. Rxf5+ Ke6 39. Rh5 Ke7 40. Ke3 Re6+
41. Kd3 Re1 42. Nxa5 Ra1 43. Rh2 Kd6 44. Nb3 Rd1+ 45. Kc2 Rg1 46. Rh6+ Ke5 47.
Rh5+ Ke4 48. Rh4+ Ke5 49. Nxc5 Rg3 50. Nd3+ Kd6 51. Nxb4 1-0

[Event "PRO League Group Stage"]
[Site "chess.com INT"]
[Date "2018.03.07"]
[Round "9"]
[White "Sargissian, Gabriel"]
[Black "Chu, Ruotong"]
[Result "1-0"]
[WhiteTitle "GM"]
[WhiteElo "2677"]
[BlackElo "2267"]
[WhiteTeam "Seattle Sluggers"]
[BlackTeam "Chengdu Pandas"]
[WhiteFideId "13300881"]
[BlackFideId "8605653"]
[EventDate "2018.01.18"]

1. d4 Nf6 2. Nf3 g6 3. g3 Bg7 4. Bg2 d5 5. O-O c6 6. b3 O-O 7. Bb2 Bf5 8. c4 Ne4
9. e3 Nd7 10. Qe2 Ndf6 11. Nc3 a5 12. Rfd1 Nxc3 13. Bxc3 a4 14. Be1 axb3 15.
axb3 Qb6 16. b4 dxc4 17. Qxc4 Be4 18. Ra5 Nd7 19. Rxa8 Rxa8 20. Ng5 Bxg2 21.
Qxf7+ Kh8 22. Kxg2 Qb5 23. Qxe7 Nf8 24. Nf7+ Kg8 25. Nd6 Qd5+ 26. e4 Qb3 27. Rc1
Bxd4 28. Rc4 Bg7 29. e5 b5 30. Qf7+ Kh8 31. Rxc6 1-0

[Event "PRO League Group Stage"]
[Site "chess.com INT"]
[Date "2018.03.07"]
[Round "9"]
[White "Shetty, Atulya"]
[Black "Iturrizaga Bonelli, Eduardo"]
[Result "0-1"]
[WhiteTitle "IM"]
[BlackTitle "GM"]
[WhiteElo "2389"]
[BlackElo "2650"]
[WhiteTeam "Pittsburgh Pawngrabbers"]
[BlackTeam "Miami Champions"]
[WhiteFideId "2031213"]
[BlackFideId "3901211"]
[EventDate "2018.01.18"]

1. c4 Nf6 2. g3 g6 3. Bg2 Bg7 4. Nf3 O-O 5. O-O b6 6. Ne5 c6 7. d4 Bb7 8. Nc3 d6
9. Nd3 d5 10. Ne5 Nbd7 11. Bf4 e6 12. cxd5 exd5 13. Qd2 Qe7 14. Rac1 Rfe8 15.
Nxd7 Qxd7 16. Bh6 Bh8 17. b4 a5 18. a3 axb4 19. axb4 Ba6 20. b5 cxb5 21. Rb1
Rac8 22. Qa2 Bb7 23. Nxb5 Ne4 24. Bf4 Bc6 25. Bxe4 Bxb5 26. Bf3 Bc4 27. Qd2 b5
28. Rfe1 Ra8 29. h4 Ra2 30. Rb2 Rxb2 31. Qxb2 Qa7 32. Rd1 Bg7 33. h5 Bf8 34.
hxg6 hxg6 35. Kg2 Qa3 36. Qb1 Bg7 37. e3 b4 38. Bd6 Bf8 39. Bc5 Qa5 40. Rh1 b3
41. Bxf8 Rxf8 42. Rh6 Qb6 43. Qh1 Qf6 44. Qc1 Ra8 45. Rh1 Ra2 46. Qc3 Qb6 47.
Bxd5 Bxd5+ 48. e4 Bxe4+ 0-1

[Event "PRO League Group Stage"]
[Site "chess.com INT"]
[Date "2018.03.07"]
[Round "9"]
[White "Shetty, Atulya"]
[Black "Becerra Rivero, Julio"]
[Result "1-0"]
[WhiteTitle "IM"]
[BlackTitle "GM"]
[WhiteElo "2389"]
[BlackElo "2531"]
[WhiteTeam "Pittsburgh Pawngrabbers"]
[BlackTeam "Miami Champions"]
[WhiteFideId "2031213"]
[BlackFideId "3501728"]
[EventDate "2018.01.18"]

1. c4 g6 2. g3 Bg7 3. Bg2 d6 4. Nc3 Nf6 5. Nf3 O-O 6. O-O Nc6 7. d3 e5 8. b3 h6
9. Bb2 Re8 10. Rc1 Be6 11. d4 exd4 12. Nxd4 Bd7 13. Qd2 Nxd4 14. Qxd4 Bc6 15.
Qd2 Bxg2 16. Kxg2 Qe7 17. e3 c6 18. Rcd1 Rad8 19. Qc2 Qe6 20. Rd2 a6 21. Rfd1 b5
22. Ne2 bxc4 23. Qxc4 Ne4 24. Qxe6 fxe6 25. Bxg7 Kxg7 26. Rd4 d5 27. Ra4 Ra8 28.
Rc1 Rec8 29. Nd4 e5 30. Nxc6 Rc7 31. b4 Nd6 32. Rc5 Ne4 33. Rc2 Nd6 34. Rc5 Ne4
35. Rc2 Nd6 36. Nd4 Rc4 37. Rxc4 dxc4 38. Ne2 Nb5 39. Ra5 Rd8 40. a4 Na3 41.
Rxe5 Rd2 42. Nd4 Rb2 43. b5 axb5 44. axb5 Kf6 45. Rc5 Ke7 46. Rc6 Kd7 47. g4 g5
48. Rxh6 Nxb5 49. Rb6 c3 50. Nxb5 c2 51. Rd6+ Ke7 52. Rc6 1-0

[Event "PRO League Group Stage"]
[Site "chess.com INT"]
[Date "2018.03.07"]
[Round "9"]
[White "Boruchovsky, Avital"]
[Black "Grandelius, Nils"]
[Result "0-1"]
[WhiteTitle "GM"]
[BlackTitle "GM"]
[WhiteElo "2542"]
[BlackElo "2647"]
[WhiteTeam "Estonia Horses"]
[BlackTeam "Norway Gnomes"]
[WhiteFideId "2800055"]
[BlackFideId "1710400"]
[EventDate "2018.01.18"]

1. Nf3 d5 2. d4 Nf6 3. Bf4 e6 4. e3 Bd6 5. c3 O-O 6. Nbd2 c5 7. Bd3 Bxf4 8. exf4
cxd4 9. cxd4 Nc6 10. O-O Qb6 11. Nb3 Nb4 12. Bb1 Bd7 13. Nc5 Na6 14. Qc2 Nxc5
15. dxc5 Qb4 16. g3 Rfc8 17. Rc1 b6 18. a3 Qxc5 19. Qd1 Qb5 20. b4 Rxc1 21. Qxc1
Rc8 22. Qd2 Qc4 23. Bd3 Qc3 24. Qd1 Ba4 25. Qf1 Ne4 26. h4 Bb5 27. Bxb5 Qxf3 28.
Be2 Qc3 29. Kg2 g6 30. h5 Kg7 31. b5 Qb2 32. a4 Rc2 33. Re1 gxh5 34. Kg1 h4 35.
gxh4 Kf8 36. h5 h6 37. Kh2 Nc3 38. Rb1 0-1

[Event "PRO League Group Stage"]
[Site "chess.com INT"]
[Date "2018.03.07"]
[Round "9"]
[White "Boruchovsky, Avital"]
[Black "Predojevic, Borki"]
[Result "0-1"]
[WhiteTitle "GM"]
[BlackTitle "GM"]
[WhiteElo "2542"]
[BlackElo "2622"]
[WhiteTeam "Estonia Horses"]
[BlackTeam "Norway Gnomes"]
[WhiteFideId "2800055"]
[BlackFideId "930849"]
[EventDate "2018.01.18"]

1. e4 e6 2. d4 d5 3. Nc3 dxe4 4. Nxe4 Bd7 5. Bd3 Bc6 6. Ne2 Nd7 7. f3 Ngf6 8.
Be3 Be7 9. Nxf6+ Nxf6 10. c4 a6 11. Qc2 O-O 12. O-O-O b5 13. d5 exd5 14. Nd4
bxc4 15. Nxc6 cxd3 16. Rxd3 Qd7 17. Nxe7+ Qxe7 18. Bc5 Qd7 19. Bxf8 Rxf8 20. Kb1
Rc8 21. Rc3 d4 22. Rc4 d3 23. Qd2 h6 24. Rd1 c6 25. Qxd3 Nd5 26. Qc2 a5 27. a3
Qe6 28. Re4 Qd7 29. g4 Rb8 30. Rde1 g6 31. h4 Kg7 32. Rc4 Qd6 33. Ka1 Qg3 34.
Qd2 Qxf3 35. Rxc6 Rb3 36. g5 Rd3 37. Qe2 hxg5 38. hxg5 Qxe2 39. Rxe2 Nf4 40. Re7
Rd1+ 41. Ka2 Nd3 42. Kb3 Rf1 43. Rc3 Nf4 44. Rc5 Rf2 45. Rxa5 Nd3 46. Kc3 Nxb2
47. Raa7 Nd1+ 48. Kd3 Rf5 49. a4 Nf2+ 50. Ke3 Ng4+ 51. Kd3 Ne5+ 52. Ke4 Nc6 53.
a5 Nxa7 54. Rxa7 Rxg5 55. a6 Ra5 56. Kf4 g5+ 57. Kg4 Kf6 58. Ra8 Ra4+ 59. Kf3
Kf5 60. a7 f6 61. Kg3 Ra3+ 62. Kf2 g4 63. Kg2 Ra2+ 64. Kg3 Ra4 65. Kg2 Ra1 66.
Kg3 Ra2 67. Kh4 Ra3 0-1

[Event "PRO League Group Stage"]
[Site "chess.com INT"]
[Date "2018.03.07"]
[Round "9"]
[White "Mamedyarov, Shakhriyar"]
[Black "Dreev, Aleksey"]
[Result "0-1"]
[WhiteTitle "GM"]
[BlackTitle "GM"]
[WhiteElo "2804"]
[BlackElo "2653"]
[WhiteTeam "San Jose Hackers"]
[BlackTeam "San Diego Surfers"]
[WhiteFideId "13401319"]
[BlackFideId "4100107"]
[EventDate "2018.01.18"]

1. b3 e5 2. Bb2 Nc6 3. e3 g6 4. f4 Bg7 5. Nf3 d6 6. fxe5 Nxe5 7. Nxe5 dxe5 8.
Nc3 Nh6 9. Qf3 O-O 10. Bc4 c6 11. a4 Bf5 12. e4 Bg4 13. Qg3 Qd7 14. Nd1 Rad8 15.
d3 Bxd1 16. Rxd1 b5 17. axb5 cxb5 18. Bd5 Nf5 19. exf5 Qxd5 20. O-O Qc5+ 21. Qf2
Qxf2+ 22. Rxf2 e4 23. f6 Bh6 24. Re2 exd3 25. Rxd3 Rxd3 26. cxd3 Rd8 27. Kf1 Bf8
28. Re7 a5 29. Ra7 Rxd3 30. Ra8 g5 31. Ke2 Rxb3 32. Bd4 h6 33. Bc5 Kh7 34. Bxf8
a4 35. g4 h5 36. gxh5 Rh3 37. Ra5 Rxh2+ 38. Kf3 Rxh5 39. Kg3 Kg6 40. Be7 Rh1 41.
Rxb5 a3 42. Ra5 Ra1 43. Bxa3 Rg1+ 44. Kf2 Ra1 45. Kf3 Rf1+ 46. Kg4 Rf4+ 47. Kg3
Rxf6 48. Bc1 Rf5 49. Ra8 Rd5 50. Rg8+ Kh7 51. Rc8 Kg6 52. Rc6+ Kf5 53. Rc3 Kg6
54. Rb3 Kf5 55. Rb6 Rd3+ 56. Kf2 Rd5 57. Bb2 Kg4 58. Rb4+ Kh5 59. Bc1 f5 60. Kf3
Rd3+ 61. Ke2 Rd5 62. Rb8 f4 63. Kf3 Rd3+ 64. Ke4 Rd1 65. Kf5 Rd5+ 66. Ke4 Rd1
67. Bb2 Kg4 68. Rg8 Re1+ 69. Kd3 f3 70. Bd4 Rd1+ 71. Ke3 Re1+ 72. Kf2 Re2+ 73.
Kf1 Kf4 74. Bf2 g4 75. Rf8+ Ke4 76. Bg3 Ra2 77. Re8+ Kf5 78. Re5+ Kf6 79. Re4
Kf5 80. Re5+ Kf6 81. Rb5 Rg2 82. Be1 Ke6 83. Rg5 Kf6 84. Rb5 Ke6 85. Bc3 Rc2 86.
Be5 Rc1+ 87. Kf2 Rc2+ 88. Kg3 Rg2+ 89. Kh4 f2 0-1

[Event "PRO League Group Stage"]
[Site "chess.com INT"]
[Date "2018.03.07"]
[Round "9"]
[White "Mamedyarov, Shakhriyar"]
[Black "Kiewra, Keaton"]
[Result "1/2-1/2"]
[WhiteTitle "GM"]
[BlackTitle "IM"]
[WhiteElo "2804"]
[BlackElo "2382"]
[WhiteTeam "San Jose Hackers"]
[BlackTeam "San Diego Surfers"]
[WhiteFideId "13401319"]
[BlackFideId "2019280"]
[EventDate "2018.01.18"]

1. d4 d5 2. Nf3 Nf6 3. Bf4 c5 4. e3 Nc6 5. c3 Qb6 6. b3 cxd4 7. exd4 Bf5 8. Bd3
Bg6 9. O-O e6 10. b4 Be7 11. a4 O-O 12. Bxg6 hxg6 13. Qd3 Rac8 14. Nbd2 Qd8 15.
Rfe1 Nh5 16. Be3 Bd6 17. Rac1 Ne7 18. g3 Nf6 19. Bg5 Nh7 20. h4 Qd7 21. b5 Nf5
22. Kg2 Ba3 23. Rc2 Bd6 24. c4 dxc4 25. Nxc4 Bb8 26. Rec1 Nf6 27. Bxf6 gxf6 28.
Qe4 Rxc4 29. Rxc4 Nd6 30. Qe2 Nxc4 31. Qxc4 Rd8 32. Qc5 Kg7 33. Rc2 a6 34. Qb6
axb5 35. axb5 Qd5 36. Rc5 Rd6 37. Qa5 b6 38. Rxd5 bxa5 39. Rxd6 Bxd6 40. Kf1 a4
41. Ke2 Bc7 42. Kd3 f5 43. Ne5 f6 44. Nd7 Kf7 45. Kc4 Ke7 46. Nc5 a3 47. Kb3 Kd6
48. Kxa3 Kd5 49. Kb3 Bb6 50. Kc3 e5 51. Kd3 e4+ 52. Ke3 Kc4 53. Ne6 Kxb5 54. h5
gxh5 55. Ng7 f4+ 56. Kxe4 fxg3 57. fxg3 Kc4 58. Nf5 Bc7 59. Ne3+ Kb5 60. Nf5 Kc4
61. Ne3+ Kb5 62. Kf3 Kc6 63. Kg2 Kd6 64. Kh3 Ke6 65. Kh4 f5 66. d5+ Ke5 67. Kxh5
Ke4 68. g4 fxg4 69. Nxg4 Kxd5 70. Nf6+ Ke6 71. Ng4 Be5 72. Nf6 Bxf6 1/2-1/2

[Event "PRO League Group Stage"]
[Site "chess.com INT"]
[Date "2018.03.07"]
[Round "9"]
[White "Bacrot, Etienne"]
[Black "Yanchenko, Roman"]
[Result "1-0"]
[WhiteTitle "GM"]
[BlackTitle "FM"]
[WhiteElo "2722"]
[BlackElo "2436"]
[WhiteTeam "Marseille Migraines"]
[BlackTeam "London Towers"]
[WhiteFideId "605506"]
[BlackFideId "4137329"]
[EventDate "2018.01.18"]

1. d4 Nf6 2. c4 c6 3. Nc3 d5 4. e3 g6 5. Nf3 Bg7 6. Be2 O-O 7. O-O Bg4 8. h3
Bxf3 9. Bxf3 e6 10. b3 Nbd7 11. g3 Qe7 12. Bg2 dxc4 13. bxc4 e5 14. Qb3 Rfb8 15.
a4 exd4 16. exd4 Ne8 17. Ba3 Qd8 18. Rfd1 Qb6 19. Qc2 Qa5 20. Rab1 Nf8 21. Bb4
Qc7 22. d5 c5 23. d6 Nxd6 24. Nd5 Qd8 25. Bxc5 Rc8 26. Bxd6 Qxd6 27. Rxb7 Kh8
28. Ne7 Rxc4 29. Qb3 Rd4 30. Rxd4 Qxd4 31. Qxf7 Nd7 32. Rxd7 Qa1+ 33. Kh2 Rf8
34. Qc4 Rxf2 35. Qg8# 1-0